Analýza mikroštruktúry a vlastností spájkovaného spoja

Gespeichert in:
Bibliographische Detailangaben
1. Verfasser: Nagy, Tamás, 1985- (Verfasst von)
Weitere Verfasser: Martinkovič, Maroš, 1957- (Betreuung Doktorarbeit)
Format: Manuskript Buch
Sprache:Slowakisch
Veröffentlicht: STU v Bratislave MTF UMAT, 2010
Schlagworte:
Online-Zugang:VAIS
Tags: Tag hinzufügen
Keine Tags, Fügen Sie das erste Tag hinzu!

MARC

LEADER 00000ntm a22000003a 4500
001 stu206146
005 20160719160302.8
008 100702s2010------------------------slo-d
040 |a STU  |b slo 
041 0 |a slo 
100 1 |a Nagy, Tamás,  |d 1985-  |4 aut  |X 24652  |7 A000024652 
242 0 0 |a Analysis of the microstructure and properties of solder joints  |y eng 
245 1 |a Analýza mikroštruktúry a vlastností spájkovaného spoja  
260 |b STU v Bratislave MTF UMAT,  |c 2010 
650 7 |a mikroštruktúrna analýza  |2 stusub 
650 7 |a mechanické vlastnosti  |2 stusub 
650 7 |a mechanical properties  |2 estusub 
700 1 |a Martinkovič, Maroš,  |d 1957-  |4 ths  |u M130  |U MTF Materiálovotechnologická fakulta  |T MTF Katedra materiálového inžinierstva  |X 206  |U M130  |Y 481  |7 A000000206 
856 4 |a info a plný text  |u http://is.stuba.sk/zp/portal_zp.pl?podrobnosti=75321  |3 VAIS 
996 |c M*DP-9120  |l MMSKP  |s P  |a 0  |w stu206146_0001